000
00302 a2200157 4500
001
178496
020
_a
040
_c
Magnum
100
_a
Diogo, Andrea
240
1
0
_a
Linha
_l
por
245
1
0
_a
Linha
362
0
_a
1899
440
1
_a
RHJ
697
_a
MAGNITO: I/AVENTURA, CRIANCAS
942
_c
BK
999
_c
178496
_d
178496